000 00672nam a2200193 a 4500
001 000024395
005 20260521073716.0
008 110127s2005 dr a 000 0 spa d
040 _aDO-SdBNP
_bspa
_cBNPHU
082 _axxx
_bG216f
100 1 _aGarcía Romero, Gladys Graciela
_917396
245 1 0 _aFormación ciudadana para el nivel medio /
_cGladys Graciela García Romero ; presentación MU-KIEN Adriana Sang.
250 _a4a ed.
260 _aSanto Domingo :
_bConsorcio de Educación Cívica,
_c2005.
300 _a146 p. :
_bil. ;
_c29 cm.
504 _aBibliografía : p. 141-142
700 1 _aSang, Mu-Kien A.
_d1955-
_q(Mu-Kien Adriana)
_9331
049 _aBNPD
999 _c23888
_d23888